Central Library OPAC University of Rajshahi

The burning spear / (Record no. 20846)

MARC details
000 -LEADER
fixed length control field 00789nam a2200253 4500
001 - CONTROL NUMBER
control field 20846
003 - CONTROL NUMBER IDENTIFIER
rucl marc code BD-RjUL
005 - DATE AND TIME OF LATEST TRANSACTION
control field 20211209000623.0
008 - FIXED-LENGTH DATA ELEMENTS--GENERAL INFORMATION
fixed length control field 701030s19501927enk 000 1 eng
035 ## - SYSTEM CONTROL NUMBER
System control number (BD-RjUL)20908
040 ## - CATALOGING SOURCE
Original cataloging agency DLC
Transcribing agency DLC
Modifying agency DLC
-- BD-RjUL
Language of cataloging eng
041 ## - LANGUAGE CODE
Language code of text/sound track or separate title eng
082 00 - DEWEY DECIMAL CLASSIFICATION NUMBER
Classification number 823.912
Author mark and year GAB 1950
100 1# - MAIN ENTRY--PERSONAL NAME
Personal name Galsworthy, John,
Dates associated with a name 1867-1933.
9 (RLIN) 64385
245 14 - TITLE STATEMENT
Title The burning spear /
Statement of responsibility, etc. Original illus. by Sandra Archibald.
260 ## - PUBLICATION, DISTRIBUTION, ETC. (IMPRINT)
Place of publication, distribution, etc. London :
Name of publisher, distributor, etc. The windmill press,
Date of publication, distribution, etc. 1950.
300 ## - PHYSICAL DESCRIPTION
Pagination 180 p. ;
Size 21 cm.
490 0# - SERIES STATEMENT
Series statement His Collected works
650 #0 - SUBJECT ADDED ENTRY--TOPICAL TERM
Topical term or geographic name as entry element World War
Chronological subdivision 1914-1918
Geographic subdivision Humor, caricatures, etc.
9 (RLIN) 64386
700 12 - ADDED ENTRY--PERSONAL NAME
Personal name Galsworthy, John,
Dates associated with a name 1867-1933.
942 ## - ADDED ENTRY ELEMENTS (KOHA)
Source of classification or shelving scheme Dewey Decimal Classification
Koha item type Books
Holdings
Lost status Source of classification or shelving scheme Damaged status Not for loan Collection code Permanent Location Current Location Shelving location Date acquired Source of acquisition Cost, normal purchase price Total Checkouts Full call number Date last seen Copy number Koha item type
  Dewey Decimal Classification   Added to bundle Fiction Central Library, University of Rajshahi Central Library, University of Rajshahi Reading Room 15/11/1957 O. U. P 14.00   823.912 GAB 1950 02/03/2014 C-1 Books